| 000 | 00771cam a2200229 4500 | ||
|---|---|---|---|
| 005 | 20150923101640.0 | ||
| 008 | 150922b mx ||||| |||| 00| 0 spa d | ||
| 020 | _a968432832X | ||
| 050 | 0 | 4 |
_aBX3212 .A1 _bV53 1983 |
| 100 | 1 | _aVictoria Moreno, P. Dionisio | |
| 245 | 1 | 4 |
_aLos Carmelitas Descalzos y la Conquista Espiritual de México 1585-1612 / _cP. Dionisio Victoria Moreno. |
| 250 | _a2a ed. | ||
| 260 |
_aMéxico : _bPorrúa, _c1983 |
||
| 300 |
_aliii , 350 p. ; _c24 cm. |
||
| 440 | _a | ||
| 490 |
_aBiblioteca Porrúa ; _vNo.3 |
||
| 500 | _a1 ejemplar | ||
| 504 | _aIncluye apéndice e índice | ||
| 650 | 7 |
_2LEMB _aCarmelitas descalzos en México _xHistoria _ySiglo XVI-XVII |
|
| 650 | 7 |
_2LEMB _aMisiones Carmelitas _xHistoria _zMéxico |
|
| 942 |
_2lcc _cLIB |
||
| 999 |
_c101245 _d101245 |
||